130 bài đối thoại đối thoại tiếng Anh điển hình

Sparad:
Bibliografiska uppgifter
Materialtyp: Bok
Språk:Undetermined
Publicerad: Tp. HCM Tp. HCM 2002
Ämnen:
Taggar: Lägg till en tagg
Inga taggar, Lägg till första taggen!
Thư viện lưu trữ: Trung tâm Học liệu Trường Đại học Cần Thơ
LEADER 00547nam a2200181Ia 4500
001 CTU_57142
008 210402s9999 xx 000 0 und d
020 |b 38000 
082 |a 428.24 
082 |b M458 
245 0 |a 130 bài đối thoại đối thoại tiếng Anh điển hình 
245 0 |c Lê Huy Lâm và Phạm Văn Thuận biên dịch 
260 |a Tp. HCM 
260 |b Tp. HCM 
260 |c 2002 
650 |a english language 
650 |x spoken english 
980 |a Trung tâm Học liệu Trường Đại học Cần Thơ